Let's explore Common Noun with our favourite animals

Bibliographic Details
Main Authors: Mehta, Natasha (Author), Bansal, Sunita Pant (Author)
Other Authors: Sridhar, Sandhya ((series editor))
Format: Book
Published: India : Shree Book Centre 2018
Series:The World of Grammar
Subjects:

MARC

LEADER 00000cam a2200000 7i4500
001 0000095186
005 20250620163326.0
020 |a 9789387340626 (  |q paperback) 
040 |e rda 
041 |a English 
090 0 0 |a JP EL   |b ENG 
100 1 |a Mehta, Natasha ,   |e (author) 
245 1 0 |a Let's explore Common Noun with our favourite animals   |c Natasha Mehta 
264 1 |a India :   |b Shree Book Centre   |c 2018 
300 |a 16 pages :   |b colour illustration ;   |c 22.5 cm. 
336 |a text  |2 rdacontent 
337 |a unmediated  |2 rdamedia 
338 |a volume  |2 rdacarrier 
490 1 |a The World of Grammar 
500 |a Children age 4-6 years old (yellow) 
541 |c Purchased on 2024   |f 24/NUR145 NNS   |h RM11.66 
650 0 |a Common Noun   |x Grammar 
650 0 |a English language   |x Usage 
700 1 |a Bansal, Sunita Pant ,   |e (author) 
700 1 |a Sridhar, Sandhya ,   |e (series editor) 
999 |a 0001811779   |b Book   |c Children Collection   |e Perbadanan Perpustakaan Awam Johor 
999 |a 0001811780   |b Book   |c Children Collection   |e Perbadanan Perpustakaan Awam Johor 
999 |a 0001811781   |b Book   |c Children Collection   |e Perbadanan Perpustakaan Awam Johor 
999 |a 0001811782   |b Book   |c Children Collection   |e Perbadanan Perpustakaan Awam Johor 
999 |a 0001811783   |b Book   |c Children Collection   |e Perbadanan Perpustakaan Awam Johor 
999 |a 0001811784   |b Book   |c Children Collection   |e Perbadanan Perpustakaan Awam Johor 
999 |a 0001811785   |b Book   |c Children Collection   |e Perbadanan Perpustakaan Awam Johor 
999 |a 0001811786   |b Book   |c Children Collection   |e Perbadanan Perpustakaan Awam Johor 
999 |a 0001811787   |b Book   |c Children Collection   |e Perbadanan Perpustakaan Awam Johor 
999 |a 0001811788   |b Book   |c Children Collection   |e Perbadanan Perpustakaan Awam Johor 
999 |a 0001811789   |b Book   |c Children Collection   |e Perbadanan Perpustakaan Awam Johor 
999 |a 0001811790   |b Book   |c Children Collection   |e Perbadanan Perpustakaan Awam Johor 
999 |a 0001811791   |b Book   |c Children Collection   |e Perbadanan Perpustakaan Awam Johor 
999 |a 0001811792   |b Book   |c Children Collection   |e Perbadanan Perpustakaan Awam Johor 
999 |a 0001811793   |b Book   |c Children Collection   |e Perbadanan Perpustakaan Awam Johor 
999 |a 0001811794   |b Book   |c Children Collection   |e Perbadanan Perpustakaan Awam Johor 
999 |a 0001812888   |b Book   |c Children Collection   |e Desa - PPAJ 
999 |a 0001812889   |b Book   |c Children Collection   |e Desa - PPAJ 
999 |a 0001812890   |b Book   |c Children Collection   |e Desa - PPAJ 
999 |a 0001812891   |b Book   |c Children Collection   |e Desa - PPAJ 
999 |a 0001812892   |b Book   |c Children Collection   |e Desa - PPAJ 
999 |a 0001812893   |b Book   |c Children Collection   |e Desa - PPAJ 
999 |a 0001812894   |b Book   |c Children Collection   |e Desa - PPAJ 
999 |a 0001812895   |b Book   |c Children Collection   |e Desa - PPAJ 
999 |a 0001812896   |b Book   |c Children Collection   |e Desa - PPAJ 
999 |a 0001812897   |b Book   |c Children Collection   |e Desa - PPAJ 
999 |a 0001812898   |b Book   |c Children Collection   |e Desa - PPAJ 
999 |a 0001812899   |b Book   |c Children Collection   |e Desa - PPAJ 
999 |a 0001812900   |b Book   |c Children Collection   |e Desa - PPAJ 
999 |a 0001812901   |b Book   |c Children Collection   |e Desa - PPAJ 
999 |a 0001812902   |b Book   |c Children Collection   |e Desa - PPAJ 
999 |a 0001812903   |b Book   |c Children Collection   |e Desa - PPAJ 
999 |a 0001812904   |b Book   |c Children Collection   |e Desa - PPAJ 
999 |a 0001812905   |b Book   |c Children Collection   |e Desa - PPAJ 
999 |a 0001812906   |b Book   |c Children Collection   |e Desa - PPAJ 
999 |a 0001812907   |b Book   |c Children Collection   |e Desa - PPAJ 
999 |a 0001812908   |b Book   |c Children Collection   |e Desa - PPAJ 
999 |a 0001812909   |b Book   |c Children Collection   |e Desa - PPAJ 
999 |a 0001812910   |b Book   |c Children Collection   |e Desa - PPAJ 
999 |a 0001812911   |b Book   |c Children Collection   |e Desa - PPAJ 
999 |a 0001812912   |b Book   |c Children Collection   |e Desa - PPAJ 
999 |a 0001812913   |b Book   |c Children Collection   |e Desa - PPAJ 
999 |a 0001812914   |b Book   |c Children Collection   |e Desa - PPAJ 
999 |a 0001812915   |b Book   |c Children Collection   |e Desa - PPAJ 
999 |a 0001812916   |b Book   |c Children Collection   |e Desa - PPAJ 
999 |a 0001812917   |b Book   |c Children Collection   |e Desa - PPAJ 
999 |a 0001812918   |b Book   |c Children Collection   |e Desa - PPAJ 
999 |a 0001812919   |b Book   |c Children Collection   |e Desa - PPAJ 
999 |a 0001812920   |b Book   |c Children Collection   |e Desa - PPAJ 
999 |a 0001812921   |b Book   |c Children Collection   |e Desa - PPAJ 
999 |a 0001812922   |b Book   |c Children Collection   |e Desa - PPAJ 
999 |a 0001812923   |b Book   |c Children Collection   |e Desa - PPAJ 
999 |a 0001812924   |b Book   |c Children Collection   |e Desa - PPAJ 
999 |a 0001812925   |b Book   |c Children Collection   |e Desa - PPAJ 
999 |a 0001812926   |b Book   |c Children Collection   |e Desa - PPAJ 
999 |a 0001812927   |b Book   |c Children Collection   |e Desa - PPAJ 
999 |a 0001812928   |b Book   |c Children Collection   |e Desa - PPAJ